000 00641nam a2200229Ia 4500
003 OSt
005 20220926012758.0
006 a|||||r|||| 00| 0
007 ta
008 220923b |||||||| |||| 00| 0 eng d
037 _cGeneral Book
040 _aRTL
_cRTL
_beng
041 _2eng
_aeng
082 _aX:87.73.N7, M2
100 _aKotter John P.
_9128104
245 0 _aGeneral managers
260 _aNew York
_bFree Press U. S. A.
_c1982
300 _axi, 221p. Bibliography p.207-13
_ccm.
650 _aExecutive Management
942 _hX:87.73.N7, M2
_cGB
_2CC
999 _c624322
_d624322